Welcome to CU Library Online Public Access Catalogue (OPAC)

Emergencies in Obstetrics and Gynecology/ (Record no. 4132)

MARC details
000 -LEADER
fixed length control field 00525nam a22001697a 4500
005 - DATE AND TIME OF LATEST TRANSACTION
control field 20250222140316.0
008 - FIXED-LENGTH DATA ELEMENTS--GENERAL INFORMATION
fixed length control field 250222b |||||||| |||| 00| 0 eng d
020 ## - INTERNATIONAL STANDARD BOOK NUMBER
International Standard Book Number 8188867764
050 ## - LIBRARY OF CONGRESS CALL NUMBER
Classification number RG571 MIT
100 ## - MAIN ENTRY--PERSONAL NAME
Personal name Mittal, Charu
245 ## - TITLE STATEMENT
Title Emergencies in Obstetrics and Gynecology/
Statement of responsibility, etc. Charu Mittal & Prabuddh Sheel Mittal
250 ## - EDITION STATEMENT
Edition statement 1st ed.
260 ## - PUBLICATION, DISTRIBUTION, ETC.
Place of publication, distribution, etc. Delhi
Name of publisher, distributor, etc. Peepee Publishers & Distributors
Date of publication, distribution, etc. 2006
300 ## - PHYSICAL DESCRIPTION
Extent xiv. 365p.
Other physical details ill. some color
Dimensions 24cm
700 ## - ADDED ENTRY--PERSONAL NAME
Personal name Mittal, Prabuddh Sheel
942 ## - ADDED ENTRY ELEMENTS (KOHA)
Source of classification or shelving scheme Library of Congress Classification
Koha item type Books
Edition 1st ed.
Suppress in OPAC No
999 ## -
-- 4132
-- 4132
Holdings
Withdrawn status Lost status Source of classification or shelving scheme Damaged status Not for loan Collection Home library Current library Shelving location Date acquired Total checkouts Full call number Barcode Date last seen Copy number Price effective from Koha item type
    Library of Congress Classification     Non-fiction Science Library (Miotso) Science Library (Miotso) General stacks 02/22/2025   RG571 MIT SLM00003645 02/22/2025 1 02/22/2025 Books
    Library of Congress Classification     Non-fiction Science Library (Miotso) Science Library (Miotso) General stacks 02/22/2025   RG571 MIT SLM00003646 02/22/2025 2 02/22/2025 Books
    Library of Congress Classification     Non-fiction Science Library (Miotso) Science Library (Miotso) General stacks 02/22/2025   RG571 MIT SLM00003647 02/22/2025 3 02/22/2025 Books
© 2023-2024 Copyright: Central University Libraries. All Rights Reserved | Created by: Mahone Tech Office